Microprocessor architecture programming & applications (Record no. 34340)
[ view plain ]
| 000 -LEADER | |
|---|---|
| fixed length control field | 00342nam a2200145Ia 4500 |
| 082 ## - DEWEY DECIMAL CLASSIFICATION NUMBER | |
| Classification number | 4.16 |
| Item number | GAO |
| 100 ## - MAIN ENTRY--PERSONAL NAME | |
| Personal name | Gaonkar/ R.S. |
| 245 ## - TITLE STATEMENT | |
| Title | Microprocessor architecture programming & applications |
| 260 ## - PUBLICATION, DISTRIBUTION, ETC. | |
| Name of publisher, distributor, etc. | Wiley eastern |
| Place of publication, distribution, etc. | New Delhi |
| Date of publication, distribution, etc. | 1986 |
| 300 ## - PHYSICAL DESCRIPTION | |
| Extent | 656 |
| 546 ## - LANGUAGE NOTE | |
| Language note | ENGLISH |
| 654 ## - SUBJECT ADDED ENTRY--FACETED TOPICAL TERMS | |
| Focus term | Microprocessor |
| 942 ## - ADDED ENTRY ELEMENTS (KOHA) | |
| Koha item type | BOOK |
| Withdrawn status | Lost status | Damaged status | Not for loan | Collection | Home library | Current library | Date acquired | Total Checkouts | Full call number | Barcode | Date last seen | Price effective from | Koha item type | Source of acquisition | Cost, normal purchase price | Inventory number | Cost, replacement price | Shelving location |
|---|---|---|---|---|---|---|---|---|---|---|---|---|---|---|---|---|---|---|
| CRC | Fr. Agnel's C.Rodrigues College of Engineering | Fr. Agnel's C.Rodrigues College of Engineering | 17/03/2023 | 4.16 GAO | 10675 | 17/03/2023 | 17/03/2023 | BOOK | ||||||||||
| CRC | Fr. Agnel's C.Rodrigues College of Engineering | Fr. Agnel's C.Rodrigues College of Engineering | 17/03/2023 | 3906 | 17/03/2023 | 23/09/1992 | BOOK | Jay book house | 125.00 | 187 dt 23.09.92 | 125.00 | |||||||
| CRC | Fr. Agnel's C.Rodrigues College of Engineering | Fr. Agnel's C.Rodrigues College of Engineering | 17/03/2023 | 9951 | 17/03/2023 | 17/03/2023 | BOOK |